[Event "Unterfranken-ch M1 57th"]
[Site "Prichsenstadt"]
[Date "2006.04.20"]
[Round "6"]
[White "Sternheimer, Erhard"]
[Black "Zentgraf, Alexander"]
[Result "1/2-1/2"]
[WhiteElo "2097"]
[BlackElo "2137"]
[PlyCount "97"]
[EventDate "2006.04.17"]
[EventType "swiss"]
[EventRounds "9"]
[EventCountry "GER"]
[SourceTitle "EXT 2015"]
[Source "ChessBase"]
[SourceDate "2014.11.20"]
[SourceVersion "1"]
[SourceVersionDate "2014.11.20"]
[SourceQuality "1"]

1. d4 Nf6 2. Nf3 e6 3. e3 b6 4. Bd3 Bb7 5. 0-0 c5 6. b3 Be7 7. a3 0-0 8. Bb2 Nc6 9. Nbd2 cxd4 10. exd4 Rc8 11. Qe2 Nd5 12. g3 Nf6 13. Rfd1 Nb8 14. c4 d5 15. Ne5 Nc6 16. Nxc6 Bxc6 17. Nf3 Bb7 18. Rac1 dxc4 19. bxc4 b5 20. Ne5 bxc4 21. Bxc4 Bd5 22. Ba6 Rxc1 23. Rxc1 Qb6 24. a4 Rb8 25. Ba1 Qb3 26. Bb5 Ba3 27. Rc3 Qb1+ 28. Qf1 Qe4 29. Rf3 Ba8 30. h3 Bd6 31. Bd3 Qd5 32. Bc4 Qe4 33. Bd3 Qd5 34. Bc4 Qb7 35. Ba6 Qd5 36. Bc4 Qb7 37. Ba6 Qb4 38. Rf4 Qxa4 39. d5 Qa2 40. Bc4 Qb1 41. dxe6 Qxf1+ 42. Kxf1 Rb1+ 43. Ke2 Rxa1 44. Nd7 fxe6 45. Bxe6+ Kh8 46. Rd4 Ra6 47. Ne5 g6 48. Nf7+ Kg7 49. Nxd6 1/2-1/2

[Event "Unterfranken-ch M1 57th"]
[Site "Prichsenstadt"]
[Date "2006.04.17"]
[Round "1"]
[White "Reitz, Helmut"]
[Black "Sternheimer, Erhard"]
[Result "1/2-1/2"]
[WhiteElo "1839"]
[BlackElo "2097"]
[PlyCount "66"]
[EventDate "2006.04.17"]
[EventType "swiss"]
[EventRounds "9"]
[EventCountry "GER"]
[SourceTitle "EXT 2015"]
[Source "ChessBase"]
[SourceDate "2014.11.20"]
[SourceVersion "1"]
[SourceVersionDate "2014.11.20"]
[SourceQuality "1"]

1. d4 Nf6 2. c4 d6 3. Nc3 e5 4. dxe5 dxe5 5. Qxd8+ Kxd8 6. Bg5 Be6 7. e3 Nbd7 8. Nf3 c6 9. Be2 Kc7 10. Bh4 Re8 11. Ng5 Bb4 12. Rc1 h6 13. Nxe6+ Rxe6 14. 0-0 Bxc3 15. Rxc3 Ne4 16. Rd3 Ndc5 17. Rdd1 g5 18. Bg3 f5 19. f3 Nxg3 20. hxg3 a5 21. Rd2 Rd8 22. Rfd1 Rxd2 23. Rxd2 Rd6 24. Rc2 Ne6 25. Kf2 a4 26. b4 axb3 27. axb3 c5 28. Rb2 Nd8 29. b4 cxb4 30. Rxb4 Rb6 31. Ra4 Ra6 32. Rb4 Rb6 33. Ra4 Ra6 1/2-1/2

[Event "Oberliga Bayern 0506"]
[Site "Bayern"]
[Date "2006.03.12"]
[Round "8.6"]
[White "Wiemer, Peter"]
[Black "Sternheimer, Erhard"]
[Result "1-0"]
[WhiteElo "2141"]
[BlackElo "2123"]
[PlyCount "99"]
[EventDate "2005.10.23"]
[EventType "team-tourn"]
[EventRounds "9"]
[EventCountry "GER"]
[SourceTitle "EXT 2007"]
[Source "ChessBase"]
[SourceDate "2006.11.23"]
[SourceVersion "1"]
[SourceVersionDate "2006.11.23"]
[SourceQuality "1"]
[WhiteTeam "Zirndorf"]
[BlackTeam "Bad Koenigshofen"]
[WhiteTeamCountry "GER"]
[BlackTeamCountry "GER"]

1. e4 c5 2. Nf3 Nf6 3. e5 Nd5 4. c3 Nc6 5. d4 cxd4 6. Bc4 Nb6 7. Bb3 d6 8. exd6 Qxd6 9. 0-0 d3 10. Na3 Bf5 11. Nh4 Qf6 12. Qh5 Bg6 13. Qg4 e5 14. Bg5 Qd6 15. Nb5 Qd7 16. Qxd7+ Kxd7 17. Nxg6 fxg6 18. Rad1 e4 19. Be3 Na5 20. f3 Nxb3 21. axb3 a6 22. Na3 Nd5 23. Bd4 exf3 24. Rxf3 Bxa3 25. bxa3 Rhf8 26. Rfxd3 Kc6 27. Bxg7 Rf5 28. c4 Nf4 29. Rd6+ Kc5 30. g3 Ne2+ 31. Kg2 Re8 32. R6d5+ Kc6 33. Rxf5 gxf5 34. Kf2 Re4 35. Kf3 b5 36. cxb5+ axb5 37. Bb2 h5 38. b4 h4 39. gxh4 Rxh4 40. Rd2 Nc3 41. Rc2 Kd5 42. Bxc3 Rh3+ 43. Kf4 Kc4 44. Be1+ Kb3 45. Rc3+ Ka4 46. Rc2 Kxa3 47. Kxf5 Kb3 48. Re2 Ka4 49. Bg3 Rh6 50. Re4 1-0

[Event "Oberliga Bayern 0506"]
[Site "Bayern"]
[Date "2005.11.27"]
[Round "3.5"]
[White "Sternheimer, Erhard"]
[Black "Link, Ulrich"]
[Result "1-0"]
[WhiteElo "2123"]
[BlackElo "2121"]
[PlyCount "144"]
[EventDate "2005.10.23"]
[EventType "team-tourn"]
[EventRounds "9"]
[EventCountry "GER"]
[SourceTitle "EXT 2007"]
[Source "ChessBase"]
[SourceDate "2006.11.23"]
[SourceVersion "1"]
[SourceVersionDate "2006.11.23"]
[SourceQuality "1"]
[WhiteTeam "Bad Koenigshofen"]
[BlackTeam "Krumbach"]
[WhiteTeamCountry "GER"]
[BlackTeamCountry "GER"]

1. e4 c5 2. Nf3 e6 3. Nc3 Nc6 4. Bb5 Nd4 5. 0-0 a6 6. Bd3 Nxf3+ 7. Qxf3 Qc7 8. Re1 Bd6 9. Kh1 Ne7 10. b3 0-0 11. e5 Bxe5 12. Bxh7+ Kxh7 13. Qh5+ Kg8 14. Rxe5 Nf5 15. Re4 d5 16. Re1 Qf4 17. Kg1 Bd7 18. d3 Qh4 19. Qxh4 Nxh4 20. Bb2 b5 21. a4 b4 22. Ne2 d4 23. Ng3 f5 24. f3 Rae8 25. Re5 Rc8 26. Rae1 Ng6 27. R5e2 Nf4 28. Re5 Ng6 29. R5e2 Nf4 30. Re5 Nd5 31. Bc1 f4 32. Ne4 Rf5 33. Nd6 Rxe5 34. Rxe5 Rc6 35. Ne4 Be8 36. Rg5 Kh7 37. Rg4 Ne3 38. Bxe3 fxe3 39. Rh4+ Kg8 40. Rg4 Kh7 41. Rg5 Bg6 42. Re5 Bxe4 43. Rxe4 Kg6 44. Re5 Kf6 45. f4 Ke7 46. Rg5 Kf6 47. h4 g6 48. g3 Rc7 49. Kg2 Rc8 50. Kf3 Rc7 51. g4 Rh7 52. Kg3 Re7 53. Re5 Re8 54. g5+ Ke7 55. Rxc5 e5 56. Rxe5+ Kf7 57. Re4 a5 58. Kf3 Rd8 59. Ke2 Rd5 60. Kd1 Kf8 61. Ke1 Kf7 62. Ke2 Rd8 63. Re5 Re8 64. Rd5 Ke6 65. Rxd4 Kf5 66. Re4 Rc8 67. Kf3 Rc5 68. Rxe3 Rd5 69. d4 Rc5 70. c4 Rd5 71. Re5+ Rxe5 72. fxe5 Ke6 1-0